| 000 | 00468nam a22001457a 4500 | ||
|---|---|---|---|
| 003 | OSt | ||
| 005 | 20150910112813.0 | ||
| 008 | 150910b xxu||||| |||| 00| 0 eng d | ||
| 040 | _cRUA | ||
| 082 | _aAGR ឡុង 1995 B012 Or.1 | ||
| 100 |
_9226 _aឡុង ហុង |
||
| 245 | _aតួនាទីរុក្ខជាតិកៅស៊ូក្នុងការដាំព្រៃឈើនៅកម្ពុជា | ||
| 300 |
_a115 _bill. _c29cm. |
||
| 942 |
_2ddc _cAGR |
||
| 999 |
_c211 _d211 |
||